| 000 | 00362 a2200133 4500 | ||
|---|---|---|---|
| 001 | 90401 | ||
| 082 | _a954.91053 GUL | ||
| 090 |
_c42721 _d42721 |
||
| 100 | _aImtiaz Gul | ||
| 245 |
_aThe most dangerous place _bPakistan's Lawless Frontier _cImtiaz Gul |
||
| 260 |
_aNew York _bPenguin Group _c2009 |
||
| 300 | _axxxvi, 282p. | ||
| 500 | _aGeneral Collection | ||
| 942 |
_aCAE NUST _k954.91053 GUL |
||
| 999 |
_c325474 _d325474 |
||